Catálogo público

La pudrición negra del cacao y su control / (Record no. 174651)

MARC details
000 -CABECERA
campo de control de longitud fija 00696nam a2200241Ia 4500
001 - NÚMERO DE CONTROL
campo de control dia_4027
003 - IDENTIFICADOR DEL NÚMERO DE CONTROL
campo de control CHAP
005 - FECHA Y HORA DE LA ÚLTIMA TRANSACCIÓN
campo de control 20251029151424.0
008 - DATOS DE LONGITUD FIJA--INFORMACIÓN GENERAL
campo de control de longitud fija 220117sS.A. xx 000 0 und d
010 ## - NÚMERO DE CONTROL DE LA BIBLIOTECA DEL CONGRESO
Número de control de LC 174651
040 ## - FUENTE DE LA CATALOGACIÓN
Centro/agencia transcriptor CHAP
090 ## - LOCALMENTE ASIGNADO TIPO-LC NÚMERO DE CLASIFICACIÓN (OCLC); NÚMERO DE CLASIFICACIÓN LOCAL (RLIN)
Número de clasificación (OCLC) (R) ; Numero de clasificación, CALL (RLIN) (NR) FOLLETO 2572
100 ## - ENTRADA PRINCIPAL--NOMBRE DE PERSONA
Nombre de persona Comisión Nacional del Cacao. México
9 (RLIN) 155623
245 ## - MENCIÓN DE TÍTULO
Título La pudrición negra del cacao y su control /
Mención de responsabilidad, etc. Comisión Nacional del Cacao. México
300 ## - DESCRIPCIÓN FÍSICA
Extensión 20 p.
500 ## - NOTA GENERAL
Nota general S/c
650 ## - PUNTO DE ACCESO ADICIONAL DE MATERIA--TÉRMINO DE MATERIA
Término de materia o nombre geográfico como elemento de entrada Cacao
Subdivisión general Enfermedades
9 (RLIN) 16941
942 ## - ELEMENTOS DE PUNTO DE ACCESO ADICIONAL (KOHA)
Tipo de ítem Koha Folleto
Fuente del sistema de clasificación o colocación ddc
260 ## - PUBLICACIÓN, DISTRIBUCIÓN, ETC.
Lugar de publicación, distribución, etc. México :
Nombre del editor, distribuidor, etc. La comisión,
Fecha de publicación, distribución, etc. S.A.
901 ## - ELEMENTOS DE DATOS A LOCAL LDA (RLIN)
a FOLLETO 2572
902 ## - ELEMENTOS DE DATOS B LOCAL, LDB (RLIN)
a M
905 ## - ELEMENTOS DE DATOS E LOCAL, LDE (RLIN)
a 000000S.A. mx A 0000000000spa00
Holdings
Estado de retiro Estado de pérdida Fuente del sistema de clasificación o colocación Estado dañado No para préstamo Localización permanente Ubicación/localización actual Ubicación en estantería Fecha de adquisición Información codificada de la localización en otra ubicación Total de préstamos Código de barras Fecha visto por última vez Número de copia Precio válido a partir de Tipo de ítem Koha Nota pública
    Dewey Decimal Classification     Ingenieria Agroindustrial Ingenieria Agroindustrial   18/01/2022 14   dia_FOLLETO 2572 18/01/2022 1 18/01/2022 Folleto 3